000 00645nam a2200193Ia 4500
003 GCL
008 140319s9999 xx 000 0 ara d
040 _aGCL /
_cGCL
082 0 4 _a301.35
_bم ا
100 1 _aمحمد حسن غامرى
245 1 0 _aالانثرويولوجيا الحضرية مع دراسة عن التحضر فى مدينة العين- ابو ظبى /
_cمحمد حسن غامرى
260 _a[S.N] :
_bدار المعرفة الجامعية ،
_c1983
300 _a183 ص
490 _a
650 0 4 _aالاجتماع
650 0 4 _aالانثربولوجيا
650 0 4 _aعلم الانسان
942 _2ddc
_cBK
999 _c54405
_d54405